000 00314nam a22001457a 4500
020 _a978-93-81788-75-2
082 _a920
_bKEL/H
100 _aKELLER, HELEN
245 _aANTE JEEVITHAKATHA
260 _aKOZHIKODE
_bOLIVE PUBLICATIONS
_c2012
300 _a146
520 _aNOVEL
650 _aNOVEL
942 _cBK
999 _c5367
_d5367